000 00573nam a2200229Ia 4500
003 OSt
005 20220924150449.0
006 a|||||r|||| 00| 0
007 ta
008 220923b |||||||| |||| 00| 0 tel d
024 _a333240
037 _cTextual
040 _aARTS
_cARTS
_btel
041 _2tel
_atel
082 _aO35,1NSU4x, M5
100 _aSumana Sri
_9222189
245 0 _aGeetham puneetha mauthundi
260 _c1985
650 _aTELUGU POETRY
942 _hO35,1NSU4x, M5
_cTEXL
_2CC
999 _c463438
_d463438